| 000 | 01399nam a22003737a 4500 | ||
|---|---|---|---|
| 001 | 0011405 | ||
| 003 | DO-SdBNP | ||
| 005 | 20171110100452.0 | ||
| 007 | 0011405 | ||
| 008 | 160915b 2005 sp||||| |||| 00| 0 spa d | ||
| 020 | _a9788497510295 | ||
| 040 |
_aBPMSU _bspa _cBPMSU |
||
| 082 | 4 |
_a618.92855 _bW419t |
|
| 100 | 1 | _aWeigl, Irina | |
| 240 | _a Hot-ein handlungsorientierter Therapieansatz für Kinder mit Sprachentwicklungsstörungen | ||
| 245 | 1 | 0 |
_aTerapia orientada a la acción : _bpara niños con trastornos en el desarrollo del lenguaje / _6Irina weigl , Marianne Reddermann-Tschaikner ; traducción Nieves Muñoz Ramiro |
| 260 |
_aBarcelona : _bLexus, _c2005. |
||
| 300 |
_a188 p. : _bil., _c25 cm. |
||
| 490 | 1 | _aComunicación, lenguaje y logopedia | |
| 500 | _aIncluye índice | ||
| 504 | _aBibliografía: p. 178-185 | ||
| 650 | 4 | _aTRASTORNOS DEL LENGUAJE EN NIÑOS | |
| 650 | 4 | _aTRASTORNOS DE LA COMUNICACION EN NIÑOS | |
| 650 | 4 | _aTERAPIA DEL LENGUAJE PARA NIÑOS | |
| 650 | 4 | _aNIÑOS CON DISCAPACIDADES | |
| 650 | 4 | _aTRASTORNOS DE LA COMUNICACION EN NIÑOS | |
| 700 | 1 | 2 | _aReddemann-Tschaikner, Marianne. |
| 700 | 1 | 2 |
_aMuñoz Ramiro, Nieves, _etrad. |
| 830 | 0 | _aComunicación, lenguaje y logopedia | |
| 910 | _aValidado. Control de calidad MFF | ||
| 942 |
_2ddc _cBK |
||
| 945 | _aInvetariado extranjero / 2017 VM | ||
| 956 |
_aBTAVÁREZ _b10 _c20160915 _d0011405 |
||
| 999 |
_c11396 _d11396 |
||